Movies Quiz

Random Movies or Cast Quiz
Score 0/104 Timer 10:00
0 Plays Today
Film Actor/Actress % Correct
Guardians of the Galaxy (2014)Chris Pratt
100%
Guardians of the Galaxy Vol. 2 (2017)Chris Pratt
100%
Guardians of the Galaxy Vol. 3 (2021)Chris Pratt
100%
Guardians of the Galaxy (2014)Bradley Cooper
97.2%
Guardians of the Galaxy Vol. 2 (2017)Bradley Cooper
97.2%
Guardians of the Galaxy Vol. 3 (2021)Bradley Cooper
97.2%
Guardians of the Galaxy (2014)Zoe Saldana
95.8%
Guardians of the Galaxy Vol. 2 (2017)Zoe Saldana
95.8%
Guardians of the Galaxy Vol. 3 (2021)Zoe Saldana
95.8%
Guardians of the Galaxy (2014)Vin Diesel
93%
Guardians of the Galaxy Vol. 2 (2017)Vin Diesel
93%
Guardians of the Galaxy Vol. 3 (2021)Vin Diesel
93%
The Suicide Squad (2021)Margot Robbie
88.7%
Slither (2006)Michael Rooker
85.9%
Super (2010)Michael Rooker
85.9%
Guardians of the Galaxy (2014)Michael Rooker
85.9%
Guardians of the Galaxy Vol. 2 (2017)Michael Rooker
85.9%
Guardians of the Galaxy (2014)Dave Bautista
84.5%
Guardians of the Galaxy Vol. 2 (2017)Dave Bautista
84.5%
Guardians of the Galaxy Vol. 3 (2021)Dave Bautista
84.5%
Guardians of the Galaxy Vol. 2 (2017)Kurt Russell
80.3%
Super (2010)Sean Gunn
78.9%
Guardians of the Galaxy (2014)Sean Gunn
78.9%
Guardians of the Galaxy Vol. 2 (2017)Sean Gunn
78.9%
Guardians of the Galaxy Vol. 3 (2021)Sean Gunn
78.9%
Guardians of the Galaxy Vol. 2 (2017)James Gunn, Sr.
77.5%
Slither (2006)James Gunn
76.1%
Super (2010)James Gunn
76.1%
Movie 43 (2013) (Beezel Segment)Michelle Gunn
76.1%
Guardians of the Galaxy (2014)James Gunn
76.1%
Guardians of the Galaxy (2014)Karen Gillan
74.6%
Guardians of the Galaxy Vol. 2 (2017)Karen Gillan
74.6%
Guardians of the Galaxy Vol. 2 (2017)Leota Gunn
74.6%
Guardians of the Galaxy Vol. 3 (2021)Karen Gillan
74.6%
Guardians of the Galaxy (2014)Glenn Close
73.2%
Film Actor/Actress % Correct
Guardians of the Galaxy (2014)Benicio Del Toro
73.2%
Guardians of the Galaxy Vol. 2 (2017)Sylvester Stallone
73.2%
Guardians of the Galaxy (2014)Josh Brolin
69%
Guardians of the Galaxy (2014)Lee Pace
67.6%
Guardians of the Galaxy (2014)John C. Reilly
67.6%
Guardians of the Galaxy Vol. 2 (2017)Pom Klementieff
62%
The Suicide Squad (2021)Viola Davis
62%
Guardians of the Galaxy Vol. 3 (2021)Pom Klementieff
62%
Guardians of the Galaxy (2014)Djimon Hounsou
60.6%
Guardians of the Galaxy (2014)Stan Lee
60.6%
Guardians of the Galaxy Vol. 2 (2017)Stan Lee
60.6%
Guardians of the Galaxy Vol. 2 (2017)Elizabeth Debicki
56.3%
Guardians of the Galaxy Vol. 3 (2021)Elizabeth Debicki
56.3%
Guardians of the Galaxy (2014)Seth Green
52.1%
Guardians of the Galaxy Vol. 2 (2017)Seth Green
52.1%
Super (2010)Rainn Wilson
50.7%
Guardians of the Galaxy Vol. 2 (2017)Jeff Goldblum
50.7%
The Suicide Squad (2021)Jai Courtney
49.3%
The Suicide Squad (2021)Joel Kinnaman
47.9%
Super (2010)Ellen Page
45.1%
Slither (2006)Nathan Fillion
42.3%
Slither (2006)Elizabeth Banks
42.3%
Super (2010)Nathan Fillion
42.3%
Movie 43 (2013) (Beezel Segment)Elizabeth Banks
42.3%
Guardians of the Galaxy (2014)Nathan Fillion
42.3%
Guardians of the Galaxy Vol. 2 (2017)Evan Jones
35.2%
Guardians of the Galaxy Vol. 2 (2017)Michelle Yeoh
35.2%
Guardians of the Galaxy (2014)Laura Haddock
33.8%
Guardians of the Galaxy Vol. 2 (2017)Laura Haddock
33.8%
Guardians of the Galaxy Vol. 2 (2017)Ving Rhames
32.4%
Super (2010)Kevin Bacon
29.6%
Guardians of the Galaxy (2014)Peter Serafinowicz
29.6%
Guardians of the Galaxy Vol. 2 (2017)David Hasselhoff
29.6%
Super (2010)Liv Tyler
26.8%
Guardians of the Galaxy Vol. 2 (2017)Chris Sullivan
26.8%
Film Actor/Actress % Correct
Slither (2006)Gregg Henry
23.9%
Super (2010)Gregg Henry
23.9%
Guardians of the Galaxy (2014)Gregg Henry
23.9%
Guardians of the Galaxy Vol. 2 (2017)Gregg Henry
23.9%
The Suicide Squad (2021)David Dastmalchian
23.9%
The Suicide Squad (2021)John Cena
22.5%
Slither (2006)Rob Zombie
21.1%
Slither (2006)Dee Jay Jackson
21.1%
Super (2010)Rob Zombie
21.1%
Guardians of the Galaxy (2014)Rob Zombie
21.1%
Guardians of the Galaxy Vol. 2 (2017)Rob Zombie
21.1%
Guardians of the Galaxy (2014)Wyatt Oleff
19.7%
Guardians of the Galaxy Vol. 2 (2017)Wyatt Oleff
19.7%
Movie 43 (2013) (Beezel Segment)Josh Duhamel
18.3%
Guardians of the Galaxy Vol. 2 (2017)Tommy Flanagan
18.3%
Slither (2006)Lloyd Kaufman
15.5%
Super (2010)Linda Cardellini
15.5%
Super (2010)Lloyd Kaufman
15.5%
Guardians of the Galaxy (2014)Lloyd Kaufman
15.5%
Slither (2006)Brenda James
14.1%
Slither (2006)Jenna Fischer
14.1%
Slither (2006)Tania Saulnier
11.3%
Super (2010)Stephen Blackehart
11.3%
Movie 43 (2013) (Beezel Segment)Emily Alyn Lind
11.3%
Guardians of the Galaxy (2014)Christopher Fairbank
11.3%
Guardians of the Galaxy Vol. 2 (2017)Stephen Blackehart
11.3%
Slither (2006)Don Thompson
9.9%
Slither (2006)Haig Sutherland
9.9%
Slither (2006)Jennifer Copping
9.9%
Slither (2006)Ben Cotton
9.9%
Super (2010)Andre Royo
9.9%
Super (2010)William Katt
9.9%
Guardians of the Galaxy (2014)Krystian Godlewski
9.9%
Guardians of the Galaxy (2014)Ralph Ineson
9.9%
Remove Ads.
Support Sporcle.
Get the best of Sporcle when you Go Orange. This ad-free experience offers more features, more stats, and more fun while also helping to support Sporcle. Thank you for becoming a member.

You're not logged in!

Compare scores with friends on all Sporcle quizzes.
OR
Log In

Show Comments

Extras

Top Quizzes Today


Score Distribution

Your Account Isn't Verified!

In order to create a playlist on Sporcle, you need to verify the email address you used during registration. Go to your Sporcle Settings to finish the process.

Report this User

Report this user for behavior that violates our Community Guidelines.

Details: